Capitales européennes aléatoires - Statistiques

Statistiques générales
  • Ce quiz a été pris 1 617 fois
  • Le résultat moyen est 12 sur 15
Statistiques - réponses
Hint Réponse % Correct
Espagne Madrid
99%
Allemagne Berlin
97%
Ukraine Kiev
97%
Royaume-Uni Londres
97%
Grèce Athènes
96%
Italie Rome
96%
Russie Moscou
96%
France Paris
96%
Belgique Bruxelles
95%
Portugal Lisbonne
95%
Monaco Monaco
95%
Vatican Vatican
95%
Luxembourg Luxembourg
94%
Pays-Bas Amsterdam
92%
Irlande Dublin
92%
Autriche Vienne
92%
Suisse Berne
90%
Pologne Varsovie
89%
Norvège Oslo
88%
Suède Stockholm
86%
Hongrie Budapest
85%
Danemark Copenhague
85%
Finlande Helsinki
85%
Andorre Andorre-La-Vieille
83%
Roumanie Bucarest
82%
Bulgarie Sofia
81%
Malte La Valette
78%
Tchéquie Prague
78%
Saint-Marin Saint-Marin
78%
Croatie Zagreb
77%
Biélorussie Minsk
71%
Islande Reykjavík
71%
Bosnie-Herzégovine Sarajevo
69%
Lettonie Riga
67%
Estonie Tallinn
66%
Serbie Belgrade
63%
Lituanie Vilnius
62%
Albanie Tirana
61%
Liechtenstein Vaduz
59%
Slovaquie Bratislava
56%
Slovénie Ljubljana
55%
Macédoine du Nord Skopje
51%
Moldavie Chișinău
44%
Kosovo Pristina
44%
Monténégro Podgorica
39%
Aucun quiz correspondant
Distribution des résultats
% des personnes avec chaque résultat
Percentile par nombre de réponses
Votre historique - résultats
Vous n’avez pas pris ce quiz